000 01207 a2200229 4500
001 241
005 20260407155416.0
008 260407a2006 arg spa d
003 AR-UNSa-BCEJYS
040 _aAR-UNSa-BCEJYS
_bspa
_cAR-UNSa-BCEJYS
080 _a658.3
_xPersonal. Relaciones humanas en la empresa (Recursos Humanos)
245 1 0 _aSelección por competencias
020 _a978-950-641-474-0
250 _a1a. ed
264 1 _aBuenos Aires :
_bGranica
_c2006
300 _a438 p.
_c23 cm
505 _a1. ¿Por qué selección por competencias? - 2. La selección de personas en contextos de alto desempeño - 3. Inicio de un proceso de selección - 4. Definición del perfil - 5. Planificación de una selección - 6. Preselección y selección - 7. Las evaluaciones específicas - 8. Negociación, oferta e incorporación - 9. Comunicación y ética durante un proceso de selección - 10. Aplicación de índices de control de gestión en un proceso de selección
942 _cBK
590 _aniveau_biblio:m niveau_hierar:0
100 1 _aAlles, Martha Alicia
856 4 1 _uhttps://biblioeco.unsa.edu.ar/pmb/images/libros/Seccion por competencias2-l117543.jpg
_yImagen de portada
_qimage/jpeg
999 _c156
_d156